Teens Fight Adult Corruption: (Record no. 5416)

MARC details
000 -LEADER
fixed length control field 00500nam a22001817a 4500
003 - CONTROL NUMBER IDENTIFIER
control field GBCCL
005 - DATE AND TIME OF LATEST TRANSACTION
control field 20241126110541.0
008 - FIXED-LENGTH DATA ELEMENTS--GENERAL INFORMATION
fixed length control field 180316b ||||| |||| 00| 0 eng d
020 ## - INTERNATIONAL STANDARD BOOK NUMBER
International Standard Book Number 0963764527
040 ## - CATALOGING SOURCE
Transcribing agency gbc
082 ## - DEWEY DECIMAL CLASSIFICATION NUMBER
Classification number 813.54
Item number SCO
100 ## - MAIN ENTRY--PERSONAL NAME
Personal name Scott, R. A. Buddy
9 (RLIN) 9723
245 ## - TITLE STATEMENT
Title Teens Fight Adult Corruption:
Remainder of title A Novel to Mature Audiences /
Statement of responsibility, etc. R. A. Buddy Scott
260 ## - PUBLICATION, DISTRIBUTION, ETC.
Name of publisher, distributor, etc. Allon Publishing,
Place of publication, distribution, etc. Texas:
Date of publication, distribution, etc. 1998
300 ## - PHYSICAL DESCRIPTION
Extent 349 p.;
Dimensions 23 cm.
650 ## - SUBJECT ADDED ENTRY--TOPICAL TERM
Topical term or geographic name entry element Novel
9 (RLIN) 9724
942 ## - ADDED ENTRY ELEMENTS (KOHA)
Source of classification or shelving scheme Dewey Decimal Classification
Koha item type Books
Koha issues (borrowed), all copies 1
Holdings
Withdrawn status Lost status Source of classification or shelving scheme Damaged status Not for loan Home library Current Library Shelving location Date acquired Total checkouts Full call number Barcode Date last seen Copy number Price effective from Koha item type Date last checked out
    Dewey Decimal Classification     GRACE BIBLE COLLEGE GRACE BIBLE COLLEGE General Studies 2018-03-16   813.54 SCO 012645 2025-05-01 c.1 2018-03-16 Books  
    Dewey Decimal Classification     GRACE BIBLE COLLEGE GRACE BIBLE COLLEGE General Studies 2018-03-16   813.54 SCO 012646 2025-05-01 c.2 2018-03-16 Books  
    Dewey Decimal Classification     GRACE BIBLE COLLEGE GRACE BIBLE COLLEGE General Studies 2018-03-16 1 813.54 SCO 012647 2025-05-01 c.3 2018-03-16 Books 2019-03-15
    Dewey Decimal Classification     GRACE BIBLE COLLEGE GRACE BIBLE COLLEGE General Studies 2018-03-16   813.54 SCO 012720 2025-05-01 c.4 2018-03-16 Books  
© Grace Bible College Library 2025